000 01564nam0a2200337 4500
001 GAK\3366487
005 20260408160432.0
010 _a5-7020-0444-2
_d3 р. 50 к.
_925000
021 _aRU
_b91-35737
035 _a(NLR Aleph) 010796195
090 _a10137903
_c10137903
100 _a20150701d1991 k y0rusy50 ca
101 0 _arus
102 _aRU
105 _aa z |||||
200 1 _aВойна, которой могло не быть
_e[о кризисе в зоне Персидского залива]
_fЕ.М. Примаков
210 _aМосква
_cНовости
_d1991
215 _a148, [3] с., [8] л. ил.
_d16
300 _aПеред выпускными данными автор: Евгений Михайлович[!] Примаков
517 1 _aО кризисе в зоне Персидского залива
_zrus
606 _aВойна в зоне Персидского залива
_z1990 - 1991
_91298831
_3RU\NLR\AUTH\66220273
686 0 _aТ3(53)63-608.2
_2rubbk
686 1 _aЦ35(0)636
700 1 _7ca
_8rus
_aПримаков
_bЕ. М.
_cполит. и гос. деятель
_f1929-2015
_gЕвгений Максимович
_9244920
_3RU\NLR\AUTH\770244976
790 1 _7ca
_8rus
_aПримаков
_bЕ. М.
_cполит. и гос. деятель
_f1929-2015
_gЕвгений Максимович
_9244920
_3RU\NLR\AUTH\770244976
801 0 _aRU
_bNLR
_c20150701
_gpsbo
801 1 _aRU
_bNLR
_c20150701
_2rusmarc
852 _aNLR
_j91-2/1212
942 _cBOOK
980 _aNB